Winx Transformations - Statistics

General Stats
  • This quiz has been taken 702 times
  • The average score is 9 of 14
Answer Stats
Hint Answer % Correct
Season 3 Enchantix
92%
Season 5 Sirenix
90%
Season 4 Believix
87%
Season 6 Bloomix
85%
Season 5 Harmonix
79%
The Specials Charmix
75%
Season 7 Butterflix
68%
Season 6 Mythix
60%
Season 4 Lovix
59%
Season 7 Tynix
54%
Season 4 Speedix
48%
Season 4 Zoomix
36%
Season 4 Tracix
31%
Season 4 Sopix
9%
No matching quizzes found
Score Distribution
Percent of People with Each Score
Percentile by Number Answered
Your Score History
You have not taken this quiz